MARC details
| 000 -CABECERA |
| campo de control de longitud fija |
02098nab a2200361 a 4500 |
| 005 - FECHA Y HORA DE LA ÚLTIMA TRANSACCIÓN |
| campo de control |
20250903063933.0 |
| 008 - ELEMENTOS DE LONGITUD FIJA--INFORMACIÓN GENERAL |
| campo de control de longitud fija |
991125c2017 sp fr p o 000 0 spa d |
| 035 ## - NÚMERO DE CONTROL DEL SISTEMA |
| Número de control de sistema |
UPN01000218349 |
| 040 ## - FUENTE DE LA CATALOGACIÓN |
| Centro catalogador/agencia de origen |
UPN |
| Lengua de catalogación |
spa |
| Centro/agencia transcriptor |
UPN |
| Normas de descripción |
aacr2 |
| 049 ## - COLECCIÓN |
| Colección |
ART-E |
| 100 1# - ASIENTO PRINCIPAL--NOMBRE PERSONAL |
| Nombre de persona |
Álvarez Sánchez, Sergio |
| Enlace |
- seralsa@usal.es |
| 100 1# - ASIENTO PRINCIPAL--NOMBRE PERSONAL |
| Nombre de persona |
Delgado Martín, Laura |
| 100 1# - ASIENTO PRINCIPAL--NOMBRE PERSONAL |
| Nombre de persona |
Gimeno González, Miguel Ángel |
| 100 1# - ASIENTO PRINCIPAL--NOMBRE PERSONAL |
| Nombre de persona |
Martín García, Teresa |
| 100 1# - ASIENTO PRINCIPAL--NOMBRE PERSONAL |
| Nombre de persona |
Almaraz Menéndez, Fernando |
| 100 1# - ASIENTO PRINCIPAL--NOMBRE PERSONAL |
| Nombre de persona |
Ruiz Méndez, Camilo |
| 245 13 - MENCIÓN DE TÍTULO |
| Título |
El arenero educativo: la realidad aumentada un nuevo recurso para la enseñanza |
| Medio |
[recurso electrónico en línea] |
| 506 0# - NOTA DE RESTRICCIONES AL ACCESO |
| Limitaciones de acceso |
Acceso abierto |
| 520 3# - NOTA DE RESUMEN, ETC. |
| Sumario, etc. |
En este artículo presentamos el proyecto Arenero Educativo que utiliza la tecnología de Realidad Aumentada para implementar un recurso para la enseñanza de las matemáticas y las ciencias naturales. Esta instalación usa una cámara infrarroja para leer la superficie tridimensional de la arena y después dibujar sobre ella curvas de nivel y cuerpos de agua que se transforman cuando el usuario interactúa con la arena. Describimos con detalle las nuevas posibilidades de su interfaz novedosa y su implementación técnica. Detallamos también nuestra propuesta didáctica y reflexionamos acerca de la importancia de establecer una ruta de implementación accesible. Finalmente, discutimos acerca de la importancia del MediaLab de la Universidad de Salamanca como agente dinamizador de este tipo de proyectos multidisciplinares. |
| 650 #4 - ASIENTO SECUNDARIO DE MATERIA - TERMINO TEMATICO |
| Término de materia o nombre geográfico como elemento de entrada |
Ciencia y tecnología |
| 9 (RLIN) |
10139 |
| 650 #4 - ASIENTO SECUNDARIO DE MATERIA - TERMINO TEMATICO |
| Término de materia o nombre geográfico como elemento de entrada |
Educación |
| 9 (RLIN) |
682 |
| 650 #2 - ASIENTO SECUNDARIO DE MATERIA - TERMINO TEMATICO |
| 9 (RLIN) |
26807 |
| Término de materia o nombre geográfico como elemento de entrada |
Realidad aumentada |
| 650 #2 - ASIENTO SECUNDARIO DE MATERIA - TERMINO TEMATICO |
| 9 (RLIN) |
5706 |
| Término de materia o nombre geográfico como elemento de entrada |
Métodos de enseñanza |
| 650 #2 - ASIENTO SECUNDARIO DE MATERIA - TERMINO TEMATICO |
| 9 (RLIN) |
9810 |
| Término de materia o nombre geográfico como elemento de entrada |
Recursos educativos |
| 653 0# - TERMINO DE INDIZACION - NO CONTROLADO |
| Término no controlado |
Interdisciplinariedad |
| 653 0# - TERMINO DE INDIZACION - NO CONTROLADO |
| Término no controlado |
Interfaz |
| 773 ## - ENLACE AL DOCUMENTO FUENTE/ENTRADA DE REGISTRO ANFITRIÓN |
| Parte(s) relacionada(s) |
Vol. 6, no. 1 (2017), p. 105-123 |
| Título |
Edmetic : revista de educación mediática y tic |
| Número Internacional Normalizado para Publicaciones Seriadas |
2254-0059 |
| 856 4# - LOCALIZACIÓN Y ACCESO ELECTRÓNICOS |
| Identificador Uniforme del Recurso |
<a href="https://journals.uco.es/edmetic/article/view/5810">https://journals.uco.es/edmetic/article/view/5810</a> |
| 856 4# - LOCALIZACIÓN Y ACCESO ELECTRÓNICOS |
| Identificador Uniforme del Recurso |
<a href="https://doi.org/10.21071/edmetic.v6i1.5810">https://doi.org/10.21071/edmetic.v6i1.5810</a> |
| 902 ## - ELEMENTOS DE DATOS B LOCAL, LDB (RLIN) |
| Creó |
Gloria Jiménez/0924 |
| 905 ## - TIPO DE MATERIAL |
| Tipo de material |
Articulo |
| 942 ## - ELEMENTOS DE PUNTO DE ACCESO ADICIONAL (KOHA) |
| Tipo de ítem Koha |
Artículo Electrónico |